LEADER 02773nam 2200649Ia 450 001 9910220079603321 005 20200520144314.0 010 $a1-282-79727-1 010 $a9786612797279 010 $a0-8330-4997-6 035 $a(CKB)2670000000035771 035 $a(EBL)557172 035 $a(OCoLC)612342375 035 $a(SSID)ssj0000431486 035 $a(PQKBManifestationID)11271629 035 $a(PQKBTitleCode)TC0000431486 035 $a(PQKBWorkID)10476140 035 $a(PQKB)10153917 035 $a(MiAaPQ)EBC557172 035 $a(Au-PeEL)EBL557172 035 $a(CaPaEBR)ebr10404206 035 $a(oapen)doab114877 035 $a(EXLCZ)992670000000035771 100 $a20100416d2010 uy 0 101 0 $aeng 135 $aurcn||||||||| 181 $ctxt 182 $cc 183 $acr 200 10$aWould-be warriors $eincidents of jihadist terrorist radicalization in the United States since September 11, 2001 /$fBrian Michael Jenkins 205 $a1st ed. 210 $aSanta Monica, CA $cRAND$d2010 215 $a1 online resource (33 p.) 225 1 $aOccasional paper 300 $aDescription based upon print version of record. 311 08$a0-8330-4981-X 320 $aIncludes bibliographical references. 327 $aCover; Preface; Contents; Summary; Acknowledgments; Would-Be Warriors: Incidents of Jihadist Terrorist Radicalization in the United States Since September 11, 2001; An Average of Six Cases a Year; Who Are These Homegrown Terrorists?; What Did They Intend to Do?; No Terrorist-Prone Personality; The 1970's Saw Greater Terrorist Violence; Are We Doing This Right?; Recruitment Will Continue; A Chronology of the Cases; Bibliography 330 $aBetween 9/11 and the end of 2009, 46 publicly reported cases of domestic radicalization and recruitment to jihadist terrorism occurred in the United States, 13 of them in 2009. Most of the would be jihadists recruited themselves into the terrorist role, assisting foreign terrorist organizations, joining jihad fronts abroad, and plotting attacks. The terrorist threat has pushed law enforcement toward prevention rather than post-event apprehension. 410 0$aOccasional paper. 606 $aTerrorism$zUnited States 606 $aTerrorists$xRecruiting$zUnited States 606 $aTerrorism$xReligious aspects$xIslam 606 $aJihad 615 0$aTerrorism 615 0$aTerrorists$xRecruiting 615 0$aTerrorism$xReligious aspects$xIslam. 615 0$aJihad. 676 $a363.3250973 700 $aJenkins$b Brian Michael$0891518 801 0$bMiAaPQ 801 1$bMiAaPQ 801 2$bMiAaPQ 906 $aBOOK 912 $a9910220079603321 996 $aWould-be warriors$92256765 997 $aUNINA